书目信息 |
| 题名: |
卫生防疫资料汇编
|
|
| 作者: | ;唐山市卫生防疫站 编 | |
| 分册: | 1978年第二期 | |
| 出版信息: | 唐山 唐山市卫生防疫站 1979 |
|
| 页数: | 197页 | |
| 开本: | 20cm | |
| 丛书名: | ||
| 单 册: | ||
| 中图分类: | R11 | |
| 科图分类: | ||
| 主题词: | 卫生学:基础理论 | |
| 电子资源: | ||
| ISBN: | ||
| 000 | 00568nam0 2200169 450 | |
| 001 | 0638658156 | |
| 005 | 20060704174012.76 | |
| 100 | @a20060429d1979 km y0chiy0120 ea | |
| 101 | 0 | @achi |
| 200 | 1 | @a卫生防疫资料汇编@Awei sheng fang yi zi liao hui bian@h1978年第二期@f唐山市卫生防疫站编@Ftang shan shi wei sheng fang yi zhan bian |
| 210 | @a唐山@c唐山市卫生防疫站@d1979 | |
| 215 | @a197页@d20cm | |
| 606 | 0 | @a卫生学:基础理论 |
| 690 | @aR11@v3 | |
| 711 | 0 | @a唐山市卫生防疫站@Atang shan shi wei sheng fang yi zhan@4编 |
| 801 | 0 | @aCN@bPFT@c20060704 |
| 905 | @a10447@dR11@e4:2 | |
| 卫生防疫资料汇编.1978年第二期/唐山市卫生防疫站编.-唐山:唐山市卫生防疫站,1979 |
| 197页;20cm |
| ISBN : |
| ● |
| 相关链接 |
|
|
|
|
正题名:卫生防疫资料汇编
索取号:R11/4:2
 
预约/预借
| 序号 | 登录号 | 条形码 | 馆藏地/架位号 | 状态 | 备注 |
| 1 | 0014889 | 202293375 | 密集书库/ [索取号:R11/4:2] | 在馆 |